|
|
|
|
| LEADER |
00000nam a22000007a 4500 |
| 005 |
20120718191753.0 |
| 007 |
cr|||| |||| |
| 008 |
120718s2006 mx |||||s|||| 00||0 spa d |
| 035 |
|
|
|a 6586
|
| 040 |
|
|
|a vLex
|
| 090 |
|
|
|c 3295
|d 3295
|
| 100 |
1 |
|
|a Barcelata Chv̀ez, Hilario
|
| 245 |
1 |
3 |
|a La economa̕ mexicana frente a la globalizacin̤ del proteccionismo al libre mercado
|h [Recurso electrn̤ico] /
|c Hilario Barcelata Chv̀ez
|
| 256 |
|
|
|a Servicio en ln̕ea
|
| 260 |
|
|
|a [s.l.] :
|b Editorial vLex,
|c 2006
|
| 300 |
|
|
|a 1 recurso electrn̤ico
|
| 506 |
1 |
|
|a contenido solo disponible en los productos indicados
|d vLex Global
|d vLex Global (Academic Edition, excluding Law Schools)
|d vLex Global (U.S. Academic Edition, Law Schools)
|d vLex Global (U.S. Academic Edition, excluding Law Schools)
|d vLex Global (Academic Edition, Law Schools)
|
| 650 |
0 |
4 |
|a Economia
|z Mx̌ico
|
| 650 |
0 |
4 |
|a Economia de mercado
|z Mx̌ico
|
| 740 |
0 |
|
|a vLex Libros (Servicio en ln̕ea)
|
| 856 |
4 |
0 |
|u http://vlex.com/source/economia-mexicana-frente-globalizacion-proteccionismo-libre-mercado-6586
|z Acceso restringido
|
| 942 |
|
|
|c BOOK
|
| 999 |
0 |
|
|a Economics
|